<?xml version="1.0" encoding="UTF-8"?>
<marc:record xmlns:marc="http://www.loc.gov/MARC21/slim">
   <marc:leader>00000nam a2200000 a 4500</marc:leader>
   <marc:datafield ind1="1" ind2=" " tag="100">
      <marc:subfield code="a">Erne, Andrea</marc:subfield>
      <marc:subfield code="4">aut</marc:subfield>
      <marc:subfield code="e">Verfasser/-in</marc:subfield>
   </marc:datafield>
   <marc:datafield ind1="1" ind2=" " tag="100">
      <marc:subfield code="a">Humbach, Markus</marc:subfield>
   </marc:datafield>
   <marc:datafield ind1="0" ind2="0" tag="245">
      <marc:subfield code="a">Alles über Roboter</marc:subfield>
   </marc:datafield>
   <marc:datafield ind1="0" ind2="0" tag="245">
      <marc:subfield code="c">Erne, Andrea</marc:subfield>
   </marc:datafield>
   <marc:datafield ind1=" " ind2="1" tag="264">
      <marc:subfield code="a">Ravensburg</marc:subfield>
      <marc:subfield code="b">Ravensburger Verlag GmbH</marc:subfield>
      <marc:subfield code="c">2021</marc:subfield>
   </marc:datafield>
   <marc:datafield ind1="1" ind2=" " tag="490">
      <marc:subfield code="a">Wieso? Weshalb? Warum?</marc:subfield>
      <marc:subfield code="v">47</marc:subfield>
   </marc:datafield>
   <marc:datafield ind1=" " ind2=" " tag="250">
      <marc:subfield code="a">1. Auflage</marc:subfield>
   </marc:datafield>
   <marc:datafield ind1="1" ind2=" " tag="520">
      <marc:subfield code="a">Was ist ein Roboter? Wie helfen uns die klugen Maschinen in der Zukunft? Und warum sind Roboter im Schach besonders gut? Dieses Buch erklärt kleinen Technikfreunden, wie ein Roboter funktioniert und stellt verschiedenste Arten von ihnen vor: Vom Trost spendenden Roboter-Kuscheltier über selbstständig fliegende Paketdrohnen bis hin zum lebensrettenden Löschroboter. Über detailreiche Bilder können Kinder von 4-7 Jahren die klugen Helfer dabei begleiten, wie sie kranke Menschen unterstützen, auf dem Mars auf Erkundungsreise gehen und in Fabriken Autoteile zusammenschweißen. Mithilfe zahlreicher Klappen wird auch gezeigt, wie Roboter Minen entschärfen, nach Verschütteten suchen und die Tiefsee erforschen. Kinder erfahren außerdem, was künstliche Intelligenz bedeutet und in welchen Bereichen Roboter noch nicht mit den Fähigkeiten von uns Menschen mithalten können. Wieso? Weshalb? Warum?Die Sachbuchreihe für Kinder von 4-7 Jahren- Beantwortet Kinderfragen auf Augenhöhe- Einzigartige Klappen vermitteln spielerisch Wissen- Detailreiche Bilder wecken Spaß am selbstständigen Entdecken- Kompetent recherchiert und geprüftJeden Tag entdecken Kinder etwas Neues - da kommen viele Fragen auf. Warum sind die Dinosaurier ausgestorben? Wo ist die Sonne in der Nacht? Wozu brauchen wir das Blut? Die beliebte Sachbuchreihe Wieso? Weshalb? Warum? gibt Kindern Antworten auf Augenhöhe.</marc:subfield>
   </marc:datafield>
   <marc:datafield ind1=" " ind2=" " tag="020">
      <marc:subfield code="a">9783473329854</marc:subfield>
      <marc:subfield code="9">9783473329854</marc:subfield>
   </marc:datafield>
   <marc:datafield ind1=" " ind2=" " tag="020">
      <marc:subfield code="a">3473329851</marc:subfield>
      <marc:subfield code="9">3473329851</marc:subfield>
   </marc:datafield>
   <marc:datafield ind1=" " ind2=" " tag="041">
      <marc:subfield code="a">ger</marc:subfield>
   </marc:datafield>
   <marc:datafield ind1=" " ind2=" " tag="300">
      <marc:subfield code="b">Illustrationen</marc:subfield>
   </marc:datafield>
   <marc:datafield ind1="0" ind2=" " tag="490">
      <marc:subfield code="v">47</marc:subfield>
   </marc:datafield>
   <marc:datafield ind1=" " ind2=" " tag="338">
      <marc:subfield code="a">Band</marc:subfield>
   </marc:datafield>
   <marc:datafield ind1=" " ind2=" " tag="300">
      <marc:subfield code="a">16 Seiten</marc:subfield>
   </marc:datafield>
</marc:record>
